000
00317 a2200157 4500
001
165232
020
_a
040
_c
Magnum
100
_a
Albergaria, Lino de
240
1
0
_a
A boneca e o saci
_l
por
245
1
0
_a
A boneca e o saci
362
0
_a
1899
440
1
_a
Dimensão
697
_a
IJ/GERAL
942
_c
BK
999
_c
165232
_d
165232